Catálogo - Centro de Recursos para el Aprendizaje y la Investigación

Volver al Sitio - CRAI Biblioteca

Las aventuras de Esno / (Registro nro. 113743)

Detalles MARC
000 -CABECERA
campo de control de longitud fija 01257nam a2200301 4500
001 - NÚMERO DE CONTROL
campo de control 113743
003 - IDENTIFICADOR DEL NÚMERO DE CONTROL
campo de control DR-UNIBE
005 - FECHA Y HORA DE LA ÚLTIMA TRANSACCIÓN
campo de control 20250813062555.0
008 - DATOS DE LONGITUD FIJA--INFORMACIÓN GENERAL
campo de control de longitud fija 250609b2025 dr ||||| |||| 00| 1 spa d
040 ## - FUENTE DE LA CATALOGACIÓN
Centro catalogador/agencia de origen BIBLIOTECA UNIBE
Lengua de catalogación spa
Centro/agencia transcriptor BIBLIOTECA UNIBE
Normas de descripción rda
041 ## - CÓDIGO DE LENGUA
Código de lengua del texto/banda sonora o título independiente spa
090 ## - LOCALMENTE ASIGNADO TIPO-LC NÚMERO DE CLASIFICACIÓN (OCLC); NÚMERO DE CLASIFICACIÓN LOCAL (RLIN)
Número de clasificación (OCLC) (R) ; Numero de clasificación, CALL (RLIN) (NR) FBIU-ELE- CI C933a
100 10 - ENTRADA PRINCIPAL--NOMBRE DE PERSONA
Nombre de persona Cristina, Katerine,
Fechas asociadas al nombre 1999-
9 (RLIN) 196271
Término indicativo de función/relación autor
245 14 - MENCIÓN DE TÍTULO
Título Las aventuras de Esno /
Mención de responsabilidad, etc. Katerine Cristian ; ilustraciones; Sandro Parra ; diseño: Martha Siri ; corrección de estilo: José Luis Calderón, Luisa Palmera
250 ## - MENCIÓN DE EDICIÓN
Mención de edición Primera edición:
260 ## - PUBLICACIÓN, DISTRIBUCIÓN, ETC.
Lugar de publicación, distribución, etc. Santo Domingo :
Nombre del editor, distribuidor, etc. Editorial LetraErguida,
Fecha de publicación, distribución, etc. 2025
300 ## - DESCRIPCIÓN FÍSICA
Extensión 12 páginas:
Otras características físicas ilustraciones a color :
Dimensiones 27 x 21 cm
500 ## - NOTA GENERAL
Nota general Datos del autor en la anteportada . Al final incluye actividades de compresión de lectura
653 #7 - TÉRMINO DE INDIZACIÓN--NO CONTROLADO
Término no controlado Cuentos infantiles dominicanos
653 #7 - TÉRMINO DE INDIZACIÓN--NO CONTROLADO
Término no controlado Literatura infantil dominicana
653 #7 - TÉRMINO DE INDIZACIÓN--NO CONTROLADO
Término no controlado Amistad - Cuentos infantiles dominicanos
653 #7 - TÉRMINO DE INDIZACIÓN--NO CONTROLADO
Término no controlado Amabilidad - Cuentos infantiles domincanos
700 #0 - PUNTO DE ACCESO ADICIONAL--NOMBRE DE PERSONA
Nombre de persona Parra, Sandro
Término indicativo de función/relación ilustrador
9 (RLIN) 196272
700 10 - PUNTO DE ACCESO ADICIONAL--NOMBRE DE PERSONA
Nombre de persona Siri, Martha
9 (RLIN) 60842
Término indicativo de función/relación diseñador
700 10 - PUNTO DE ACCESO ADICIONAL--NOMBRE DE PERSONA
Nombre de persona Calderón, José Luis
9 (RLIN) 196273
Término indicativo de función/relación corrector de estilo
700 10 - PUNTO DE ACCESO ADICIONAL--NOMBRE DE PERSONA
Nombre de persona Palmera, Luisa
9 (RLIN) 196274
Término indicativo de función/relación corrector de estilo
942 ## - ELEMENTOS DE PUNTO DE ACCESO ADICIONAL (KOHA)
Fuente del sistema de clasificación o colocación Sistema de Clasificación Decimal Dewey
Tipo de ítem Koha Libro (general)
Existencias
Estado de retiro Estado de pérdida Fuente del sistema de clasificación o colocación No para préstamo Código de colección Localización permanente Fecha de adquisición Total de préstamos Signatura topográfica completa Código de barras Fecha visto por última vez Número de copia Precio válido a partir de Tipo de ítem Koha
  Disponible Sistema de Clasificación Decimal Dewey No se presta Fondo Bibliográfico IBBY-UNIBE Biblioteca Central UNIBE 17/06/2025   FBIU-ELE- CI C933a FBIU0870 09/06/2025 Ej.1 09/06/2025 Libro (reserva)